Easy cocktails: Over 150 drinks, all made with four ingredients or less (Record no. 395652)

MARC details
000 -LEADER
fixed length control field 00560 a2200205 4500
005 - DATE & TIME
control field 20260401113346.0
008 - FIXED-LENGTH DATA ELEMENTS--GENERAL INFORMATION
fixed length control field 260324b |||||||| |||| 00| 0 eng d
020 ## - ISBN
International Standard Book Number 9781646431014
Price $ 19.96
040 ## - CATALOGING SOURCE
Original cataloging agency VIVEKANANDA LIBRARY
082 ## - DDC NUMBER
Classification number 641.874
Book Number C631E
100 ## - MAIN ENTRY--PERSONAL NAME
Personal name Coastal Kitchen
245 ## - TITLE STATEMENT
Title Easy cocktails: Over 150 drinks, all made with four ingredients or less
260 ## - PUBLICATION, DISTRIBUTION, ETC. (IMPRINT)
Name of publisher, distributor, etc Cider Mill Press
Date of publication, distribution, etc 2021
Place of publication, distribution, etc Maine
300 ## - PHYSICAL DESCRIPTION
Pages 383
650 ## - Subject
Subject Hotel Management
650 ## - Subject
Subject Food Services
650 ## - Subject
Subject Beverages
650 ## - Subject
Subject Alcoholic Beverages
942 ## - ADDED ENTRY ELEMENTS (KOHA)
Koha item type Books
Holdings
Withdrawn status Lost status Source of classification or shelving scheme Damaged status Not for loan Location (home branch) Sublocation or collection (holding branch) Shelving location Date acquired Koha issues (times borrowed) Koha full call number Accession No. Koha date last seen Koha item type
    Dewey Decimal Classification     VIVEKANANDA LIBRARY VIVEKANANDA LIBRARY IHTM Library 21/01/2026   641.874 C631E 425212 21/01/2026 Books
© Designed and Maintained by Vivekananda Library, MDU Rohtak